Miffy vai ao parque (Registo nº 3498)
[ vista simples ]
| 000 -Etiqueta do registo | |
|---|---|
| Cabeçalho | 00827nam a22003011 4500 |
| 005 - Identificador da versão | |
| Campo de controlo | 20240813122003.0 |
| 010 ## - Número internacional normalizado dos livros (ISBN) | |
| Número (ISBN) | 9724129853 |
| 021 ## - Número do Depósito Legal | |
| Código do país | PT |
| Número | 188225/02 |
| 100 ## - Dados gerais de processamento | |
| Dados gerais de processamento | 20031128d2003 bc y0pory5003 ba |
| 102 ## - Pais de publicação ou produção | |
| País de publicação | Portugal |
| 101 1# - Língua de publicação | |
| Língua do texto, banda sonora, etc. | Português |
| Língua do documento no original | Holandês |
| 106 ## - Campo de dados codificados: material textual | |
| Dados codificados do material textual | r |
| 105 ## - Campo de dados codificados: livros | |
| Dados codificados dos livros | a z 000fy |
| 215 ## - Descrição física | |
| Indicação específica da natureza do documento e extensão da espécie | [27] p. |
| Outras indicações físicas | muito il. |
| Dimensões | 16 cm |
| 200 1# - Titulo e menção de responsabilidade | |
| Título próprio | Miffy vai ao parque |
| Primeira menção de responsabilidade | Dick Bruna |
| Outras menções de responsabilidade | trad. e adapt. Dora Isabel Batalim |
| 225 2# - Colecção | |
| Título próprio da colecção | Miffy |
| Indicação de volume | 6 |
| 205 ## - Menção da edição | |
| Menção da edição | 2ª ed |
| 210 ## - Publicação, Distribuição, etc. | |
| Lugar da edição, distribuição, etc. | Porto |
| Nome do editor, distribuidor, etc. | Asa |
| Data da publicação, distribuição, etc. | 2003 |
| 304 ## - Notas relativas a título e menção de responsabilidade | |
| Texto da nota | Tít. orig.: Nijntje in de speeltuin |
| 606 ## - Nome comum usado como assunto | |
| Número de registo de entrada de autoridade | 0000006 |
| Palavra de ordem | Literatura estrangeira infantil |
| 675 ## - Classificação Decimal Universal (CDU) | |
| Notação | 82-93 |
| Edição | 2ª |
| Língua da edição | por |
| 702 #1 - Nome de autor-pessoa física (responsabilidade secundária) | |
| Número de registo de entrada de autoridade | 0000531 |
| Palavra de ordem | Batalim |
| Outra parte do nome não tomada para palavra de ordem | Dora Isabel |
| Código de função | Tradutor |
| 700 #1 - Nome de autor-pessoa física (responsabilidade principal) | |
| Número de registo de entrada de autoridade | 0000530 |
| Palavra de ordem | Bruna |
| Outra parte do nome não tomada para palavra de ordem | Dick |
| 942 ## - Elementos de entrada adicionados (Koha) | |
| Tipo de item no Koha | Livro |
| Situação do levantamento | Origin of item (home branch) (coded) | Biblioteca de empréstimo | Código de barras | Cota | Circulation type (not for loan) | Tipo de documento | Nota do exemplar | Damaged status |
|---|---|---|---|---|---|---|---|---|
| Biblioteca Escolar da Coca Maravilhas | Biblioteca Escolar da Coca Maravilhas | BECM6220/03 | 8EST BRU | Livro | Sem mensagem |
